2024 ACC Conference - Statistics

General Stats
  • This quiz has been taken 82 times
  • The average score is 13 of 17
Answer Stats
Answer % Correct
Virginia
93%
Cal
90%
Duke
88%
Florida State
86%
Georgia Tech
86%
North Carolina
86%
Clemson
81%
Virginia Tech
81%
Wake Forest
79%
Miami
76%
Boston College
74%
Louisville
74%
NC State
74%
Syracuse
71%
Stanford
69%
SMU
62%
Pittsburgh
57%
No matching quizzes found
Score Distribution
Percent of People with Each Score
Percentile by Number Answered
Your Score History
You have not taken this quiz